| 000 | 00968nam a2200265Ia 4500 | ||
|---|---|---|---|
| 003 | GCL | ||
| 008 | 140319s9999 xx 000 0 ara d | ||
| 040 |
_aGCL / _cGCL |
||
| 082 | 0 | 4 |
_a914.3 _bو ح |
| 100 | 1 | _aوزارة الخارجية | |
| 245 | 1 | 0 |
_aحقائق عن المانيا / _cوزارة الخارجية |
| 250 | _aالاولى | ||
| 260 |
_aالمانيا : _bوزارة الخارجية ، _c2004 |
||
| 300 |
_a479 ص ؛ _c20 سم |
||
| 650 | 0 | 4 | _aالمانيا |
| 650 | 0 | 4 | _aالمانيا - الأحوال سياسية |
| 650 | 0 | 4 | _aالمانيا - عادات وتقاليد |
| 650 | 0 | 4 | _aالمانيا - جغرافيا |
| 650 | 0 | 4 | _aالمانيا - الاحوال الاجتماعية |
| 650 | 0 | 4 | _aالمانيا - الاحوال الاقتصادية |
| 650 | 0 | 4 | _aالتعليم - المانيا |
| 650 | 0 | 4 | _aالمانيا - السياسة والحكومة |
| 650 | 0 | 4 | _aالمانيا - وصف ورحلات |
| 942 |
_2ddc _cBK |
||
| 999 |
_c7615 _d7615 |
||